|
|
|
|
| LEADER |
00768nab#a2200301#ar4500 |
| 001 |
000009913 |
| 003 |
SVKKK |
| 005 |
00000000000000.0 |
| 008 |
c xo e sloo |
| FMT |
|
|
|
| 038 |
|
|
|a SVKKK
|
| 040 |
|
|
|a SVKKK
|b slo
|e AACR2
|
| 041 |
0 |
|
|a slo
|
| 044 |
|
|
|a xo
|c SK
|
| 080 |
|
|
|a 612.68 Ivanová, Ann
|2 1981
|
| 100 |
1 |
|
|a Dziak, Pavol
|4 com
|
| 245 |
1 |
0 |
|a Storočná opäť v okrese Vranov :
|b Sladké mlieko - najzdravší nápoj
|c Dziak Pavol,
|
| 300 |
|
|
|b Fotogr. 1
|
| 600 |
1 |
4 |
|a Ivanová, Anna,
|d 1894,
|
| 773 |
0 |
|
|t Slovenský východ
|g Roč. 4/23, č. 45(1994), dát. 0224, s. 5
|
| 957 |
|
|
|a Vyšný Kazimír
|
| 958 |
|
|
|a NP
|
| 958 |
|
|
|a RE
|
| 974 |
|
|
|d 941208
|a Čr
|
| 992 |
|
|
|a RBX
|
| BAS |
|
|
|
| 852 |
|
|
|a SVKKK
|b BIB
|
| 998 |
|
|
|a REG
|